Statistics for Riikide lipud, mis algavad tähega S

Click here to take the quiz!

General Stats

  • This quiz has been taken 2 times
  • The average score is 23 of 25

Answer Stats

Answer% Correct
Saint Kitts ja Nevis
100%
Saint Lucia
100%
Saint Vincent ja Grenadiinid
100%
Saksamaa
100%
Sambia
100%
Samoa
100%
San Marino
100%
Saudi Araabia
100%
Seišellid
100%
Senegal
100%
Serbia
100%
Sierra Leone
100%
Slovakkia
100%
Sloveenia
100%
Somaalia
100%
Soome
100%
Sri Lanka
100%
Sudaan
100%
Suriname
100%
Süüria
100%
Svaasimaa
100%
Šveits
100%
São Tomé and Príncipe
50%
Singapur
50%
Saalomoni Saared
0%

Score Distribution

Percentile by Number Answered

Percent of People with Each Score

Your Score History

You have not taken this quiz